000 00385 a2200169 4500
001 185622
020 _a85-7509-054-2
040 _cMagnum
100 _aViana, Vivina de Assis
240 1 0 _aO jogo do pensamento
_lpor
245 1 0 _aO jogo do pensamento
300 _a28
362 0 _a2003
440 1 _aGeração Editorial
697 _aLITERATURA INFANTO-JUVENIL
942 _cBK
999 _c185622
_d185622